[Event "Madrid-ch Seniors 65+"]
[Site "Madrid"]
[Date "2022.04.21"]
[Round "4"]
[White "Calderon Martin, Antonio"]
[Black "Lopez Manso, Jeronimo"]
[Result "1-0"]
[WhiteElo "1598"]
[BlackElo "1397"]
[PlyCount "85"]
[EventDate "2022.04.18"]
[EventType "swiss"]
[EventRounds "7"]
[EventCountry "ESP"]
[SourceTitle "EXT 2023"]
[Source "ChessBase"]
[SourceDate "2022.10.05"]
[SourceVersion "1"]
[SourceVersionDate "2022.10.05"]
[SourceQuality "1"]

1. e4 Nf6 2. e5 Nd5 3. d4 d6 4. c4 Nb6 5. exd6 exd6 6. Nc3 Be7 7. Bd3 Nc6 8. Nf3 Bg4 9. Be3 0-0 10. 0-0 Kh8 11. a3 f5 12. Be2 Bxf3 13. Bxf3 f4 14. Bc1 Nxc4 15. Qb3 N6a5 16. Qa4 c6 17. Qd1 Nb6 18. b4 Nac4 19. d5 Rc8 20. Ne2 g5 21. Nd4 Qe8 22. Bg4 cxd5 23. Bxc8 Qxc8 24. Re1 Bf6 25. Nf3 Bxa1 26. Nxg5 Qf5 27. Nf3 Bg7 28. Nd4 Qg6 29. Ne6 Re8 30. Nxg7 Rxe1+ 31. Qxe1 Kxg7 32. Bxf4 Qe4 33. Qc1 d4 34. Bh6+ Kf7 35. g3 d5 36. Qg5 Qg6 37. Qf4+ Qf6 38. Qc7+ Kg6 39. Bf4 d3 40. h4 d2 41. h5+ Kxh5 42. Qxh7+ Kg4 43. Kg2 1-0

[Event "Madrid-ch Seniors 50"]
[Site "Madrid"]
[Date "2019.01.14"]
[Round "6"]
[White "Calderon Martin, Antonio"]
[Black "Campos Calvo, Sotelo Juan"]
[Result "0-1"]
[WhiteElo "1681"]
[BlackElo "1811"]
[PlyCount "58"]
[EventDate "2019.01.07"]
[EventType "swiss"]
[EventRounds "9"]
[EventCountry "ESP"]
[SourceTitle "CBM 188 Extra"]
[Source "ChessBase"]
[SourceDate "2019.02.28"]
[SourceVersion "1"]
[SourceVersionDate "2019.02.28"]
[SourceQuality "1"]

1. e4 e6 2. d4 a6 3. Nf3 b5 4. Bd3 c5 5. c3 Bb7 6. 0-0 Nf6 7. Bg5 h6 8. Be3 cxd4 9. Bxd4 Nxe4 10. Re1 d5 11. Nbd2 Nxd2 12. Qxd2 Nc6 13. Be3 Bd6 14. Bf1 Qf6 15. Nd4 Ne5 16. b3 0-0 17. Qe2 Rac8 18. Rac1 Rfd8 19. g3 Qg6 20. h3 Nd7 21. Bg2 Nc5 22. Red1 Ne4 23. Bd2 e5 24. Nf3 f6 25. Qd3 f5 26. Nh4 Qf6 27. f4 exf4 28. Bxf4 Bxf4 29. Nxf5 Bxc1 0-1

[Event "Madrid-ch Seniors 50"]
[Site "Madrid"]
[Date "2019.01.10"]
[Round "4"]
[White "Calderon Martin, Antonio"]
[Black "De Juan Rivas, Antonio"]
[Result "1/2-1/2"]
[WhiteElo "1681"]
[BlackElo "1560"]
[PlyCount "84"]
[EventDate "2019.01.07"]
[EventType "swiss"]
[EventRounds "9"]
[EventCountry "ESP"]
[SourceTitle "CBM 188 Extra"]
[Source "ChessBase"]
[SourceDate "2019.02.28"]
[SourceVersion "1"]
[SourceVersionDate "2019.02.28"]
[SourceQuality "1"]

1. e4 e6 2. d4 d5 3. e5 c5 4. c3 Nc6 5. Nf3 f6 6. Be2 fxe5 7. dxe5 Qc7 8. Bb5 Bd7 9. Bxc6 Bxc6 10. 0-0 0-0-0 11. Bg5 Ne7 12. b4 h6 13. Be3 Ng6 14. Bxc5 Bxc5 15. bxc5 Nxe5 16. Nd4 Rde8 17. a4 a6 18. Re1 h5 19. Nd2 Ng4 20. N2f3 e5 21. Nxc6 bxc6 22. h3 e4 23. hxg4 hxg4 24. Nd4 Qh2+ 25. Kf1 Qh1+ 26. Ke2 Qxg2 27. Rg1 Qh3 28. Rg3 Qh5 29. Qg1 e3 30. fxe3 Re4 31. Rb1 Kc7 32. Rb6 Qe5 33. Rxc6+ Kd7 34. Rd6+ Kc8 35. Qf2 Rh2 36. Rg2 Rxe3+ 37. Qxe3 Rxg2+ 38. Kd3 Rg3 39. Rc6+ Kd7 40. Rd6+ Kc8 41. Rc6+ Kd7 42. Rd6+ Kc8 1/2-1/2

[Event "Madrid San Viator op-B 30th"]
[Site "Madrid"]
[Date "2018.06.03"]
[Round "8"]
[White "Calderon Martin, Antonio"]
[Black "Mateos Cordero, Francisco"]
[Result "1-0"]
[WhiteElo "1660"]
[BlackElo "1579"]
[PlyCount "111"]
[EventDate "2018.04.08"]
[EventType "swiss"]
[EventRounds "9"]
[EventCountry "ESP"]
[SourceTitle "EXT 2019"]
[Source "ChessBase"]
[SourceDate "2018.10.10"]
[SourceVersion "1"]
[SourceVersionDate "2018.10.10"]
[SourceQuality "1"]

1. e4 c5 2. Nf3 e6 3. c3 Nc6 4. d4 cxd4 5. cxd4 Bb4+ 6. Nc3 d5 7. e5 a6 8. Bd3 Nge7 9. 0-0 Bxc3 10. bxc3 b5 11. a3 Qc7 12. Bd2 Bd7 13. a4 bxa4 14. Rxa4 Na5 15. Ra1 Nc4 16. Qc2 a5 17. Bxh7 Nxd2 18. Nxd2 g6 19. Bxg6 Nxg6 20. f4 Nh4 21. Nb3 Nf5 22. Qd3 a4 23. Nc5 a3 24. Rfb1 Bc6 25. Rb3 Rg8 26. Qe2 Qe7 27. Rbxa3 Rxa3 28. Rxa3 Qh4 29. Qa6 Qe1+ 30. Qf1 Qxf1+ 31. Kxf1 Ne3+ 32. Kf2 Nxg2 33. Ra6 Nxf4 34. Rxc6 Nh3+ 35. Kf3 Ng1+ 36. Kf2 Nh3+ 37. Ke3 Rg1 38. Rc8+ Ke7 39. Rc7+ Ke8 40. Rc8+ Ke7 41. Rh8 Ng5 42. h4 Nh3 43. h5 Rg3+ 44. Kd2 Rg2+ 45. Kc1 Ng5 46. h6 Rh2 47. Nb7 Kd7 48. Nd6 Kc6 49. h7 Rxh7 50. Rxh7 Nxh7 51. Nxf7 Nf8 52. Kc2 Nd7 53. Nd8+ Kb5 54. Nxe6 Kc4 55. Nf4 Kb5 56. Nxd5 1-0

[Event "Madrid-ch Seniors 50"]
[Site "Madrid"]
[Date "2018.01.17"]
[Round "8"]
[White "Calderon Martin, Antonio"]
[Black "Martinez Miura, Enrique"]
[Result "1/2-1/2"]
[WhiteElo "1665"]
[BlackElo "1637"]
[PlyCount "71"]
[EventDate "2018.01.08"]
[EventType "swiss"]
[EventRounds "9"]
[EventCountry "ESP"]
[SourceTitle "CBM 182 Extra"]
[Source "ChessBase"]
[SourceDate "2018.02.23"]
[SourceVersion "1"]
[SourceVersionDate "2018.02.23"]
[SourceQuality "1"]

1. e4 e6 2. d4 d5 3. e5 c5 4. c3 cxd4 5. cxd4 Bb4+ 6. Nc3 Ne7 7. Nf3 0-0 8. Bd3 h6 9. 0-0 Nf5 10. Be3 Nc6 11. Rc1 Bd7 12. a3 Be7 13. b4 Nxe3 14. fxe3 a6 15. Qe2 f5 16. exf6 Rxf6 17. Kh1 Be8 18. Ng1 Rxf1 19. Rxf1 Rc8 20. Nb1 Bf6 21. Nd2 Bf7 22. Nb3 Be7 23. h3 e5 24. Bh7+ Kxh7 25. Rxf7 Qe8 26. Qf3 Kg8 27. Rf5 e4 28. Qg4 Rd8 29. Nc5 Bxc5 30. bxc5 Qe7 31. Ne2 Qd7 32. Nf4 Ne7 33. Re5 Qxg4 34. hxg4 Kf7 35. Kg1 g5 36. Nh5 1/2-1/2

[Event "Madrid-ch Seniors 50"]
[Site "Madrid"]
[Date "2018.01.10"]
[Round "3"]
[White "Osuna Osuna, Francisco"]
[Black "Calderon Martin, Antonio"]
[Result "1-0"]
[WhiteElo "1537"]
[BlackElo "1665"]
[PlyCount "69"]
[EventDate "2018.01.08"]
[EventType "swiss"]
[EventRounds "9"]
[EventCountry "ESP"]
[SourceTitle "CBM 182 Extra"]
[Source "ChessBase"]
[SourceDate "2018.02.23"]
[SourceVersion "1"]
[SourceVersionDate "2018.02.23"]
[SourceQuality "1"]

1. e4 d5 2. exd5 Nf6 3. d4 Bg4 4. f3 Bh5 5. Bb5+ Nbd7 6. c4 a6 7. Ba4 b5 8. cxb5 axb5 9. Bxb5 Nxd5 10. Bc6 N5b6 11. Bxa8 Qxa8 12. Nc3 e6 13. Nb5 Qa5+ 14. Nc3 Bb4 15. Bd2 0-0 16. Nge2 e5 17. a3 Bxc3 18. Bxc3 Qa6 19. dxe5 Re8 20. 0-0 f6 21. Ng3 Bg6 22. exf6 Nxf6 23. Bxf6 gxf6 24. Re1 Rf8 25. Qe2 Qa7 26. Kh1 Nd5 27. Ne4 Qb6 28. b4 Re8 29. Qd2 Bf7 30. g4 Qb7 31. Nxf6+ Nxf6 32. Qg5+ Kf8 33. Qxf6 Qb5 34. Rxe8+ Qxe8 35. Rd1 1-0

[Event "Madrid San Viator op-B 28th"]
[Site "Madrid"]
[Date "2017.05.21"]
[Round "7"]
[White "Calderon Martin, Antonio"]
[Black "Martinell Gispert Sauch, Jose M"]
[Result "1/2-1/2"]
[WhiteElo "1686"]
[BlackElo "1629"]
[PlyCount "66"]
[EventDate "2017.03.26"]
[EventType "swiss"]
[EventRounds "9"]
[EventCountry "ESP"]
[SourceTitle "EXT 2019"]
[Source "ChessBase"]
[SourceDate "2018.10.10"]
[SourceVersion "1"]
[SourceVersionDate "2018.10.10"]
[SourceQuality "1"]

1. e4 c6 2. d4 d5 3. exd5 cxd5 4. Bd3 Nc6 5. c3 Nf6 6. h3 g6 7. Nf3 Bg7 8. 0-0 0-0 9. Re1 Bf5 10. Bf4 e6 11. Bf1 Qb6 12. Qb3 Qxb3 13. axb3 Bxb1 14. Raxb1 a6 15. Ra1 Rfc8 16. b4 Nd7 17. b5 axb5 18. Bxb5 Nb6 19. Ne5 Nxe5 20. Bxe5 Bxe5 21. dxe5 Rxa1 22. Rxa1 Ra8 23. Rxa8+ Nxa8 24. Kf1 Kf8 25. Ke2 Nc7 26. Bd3 f6 27. exf6 Kf7 28. Ke3 e5 29. f4 Kxf6 30. fxe5+ Kxe5 31. Be2 b6 32. g3 g5 33. b3 b5 1/2-1/2

[Event "Madrid-ch Seniors"]
[Site "Madrid"]
[Date "2016.01.11"]
[Round "1"]
[White "Gonzalez Mateos, Rafael"]
[Black "Calderon Martin, Antonio"]
[Result "1-0"]
[WhiteElo "1986"]
[BlackElo "1679"]
[PlyCount "91"]
[EventDate "2016.01.11"]
[EventType "swiss"]
[EventRounds "9"]
[EventCountry "ESP"]
[SourceTitle "CBM 170 Extra"]
[Source "ChessBase"]
[SourceDate "2016.02.25"]
[SourceVersion "1"]
[SourceVersionDate "2016.02.25"]
[SourceQuality "1"]

1. d4 Nf6 2. c3 g6 3. Bg5 Bg7 4. Nd2 0-0 5. e4 d6 6. Bd3 c5 7. Ngf3 h6 8. Bxf6 Bxf6 9. Qe2 Nc6 10. dxc5 dxc5 11. 0-0 b6 12. Rad1 Qc7 13. Rfe1 Rd8 14. h3 Ne5 15. Nxe5 Bxe5 16. Nf3 Bg7 17. e5 e6 18. Be4 Bb7 19. Bxb7 Qxb7 20. Rd2 Qc7 21. Red1 Rxd2 22. Rxd2 Rd8 23. Rxd8+ Qxd8 24. a4 Qc7 25. g3 c4 26. Nd2 Bxe5 27. f4 Bf6 28. Qxc4 Qb7 29. Ne4 Be7 30. b4 Qd7 31. b5 f5 32. Nf2 Bc5 33. Kf1 Bxf2 34. Kxf2 Kf7 35. Ke3 g5 36. g4 gxf4+ 37. Qxf4 Kg6 38. h4 fxg4 39. Qxg4+ Kf6 40. h5 Qg7 41. Qxg7+ Kxg7 42. c4 Kf7 43. c5 bxc5 44. a5 Ke7 45. b6 axb6 46. a6 1-0

[Event "Madrid Oliver Gonzalez Memorial 2nd"]
[Site "Madrid"]
[Date "2011.10.16"]
[Round "9"]
[White "Tirado Parra, Alberto"]
[Black "Calderon Martin, Antonio"]
[Result "1/2-1/2"]
[WhiteElo "1914"]
[BlackElo "1728"]
[PlyCount "80"]
[EventDate "2011.10.08"]
[EventType "swiss"]
[EventRounds "9"]
[EventCountry "ESP"]
[SourceTitle "CBM 144 Extra"]
[Source "ChessBase"]
[SourceDate "2011.10.28"]
[SourceVersion "1"]
[SourceVersionDate "2011.10.28"]
[SourceQuality "1"]

1. b4 e5 2. Bb2 d6 3. c4 g6 4. d4 Nc6 5. dxe5 Bg7 6. b5 Bxe5 7. Qc1 Na5 8. Bxe5 dxe5 9. Qc3 Qd4 10. e3 Qxc3+ 11. Nxc3 Be6 12. Nf3 f6 13. Nd2 Ne7 14. Nce4 Kf7 15. Nc5 Rhd8 16. Be2 b6 17. Nxe6 Kxe6 18. Nb3 Nb7 19. Bf3 Rab8 20. Bxb7 Rxb7 21. Ke2 c6 22. Rhd1 Rbd7 23. Rxd7 Rxd7 24. a4 cxb5 25. axb5 Nc8 26. c5 Rd5 27. Ra6 Ke7 28. e4 Rd7 29. f3 bxc5 30. Nxc5 Rd6 31. Ra5 Rd4 32. Na6 Nb6 33. Nc7 Ra4 34. Nd5+ Kf7 35. Rxa4 Nxa4 36. Kd3 Ke6 37. Nb4 Nb6 38. Nc6 Nc8 39. Kc4 Kd6 40. Kb4 a6 1/2-1/2

[Event "Madrid Oliver Gonzalez Memorial 1st"]
[Site "Madrid"]
[Date "2010.10.10"]
[Round "2"]
[White "Calderon Martin, Antonio"]
[Black "Collado Barbas, Laura"]
[Result "0-1"]
[WhiteElo "1745"]
[BlackElo "2058"]
[PlyCount "53"]
[EventDate "2010.10.09"]
[EventType "swiss"]
[EventRounds "9"]
[EventCountry "ESP"]
[SourceTitle "CBM 138 Extra"]
[Source "ChessBase"]
[SourceDate "2010.10.29"]
[SourceVersion "1"]
[SourceVersionDate "2010.10.29"]
[SourceQuality "1"]

1. e4 e6 2. d4 d5 3. exd5 exd5 4. c4 Bb4+ 5. Nc3 Nf6 6. Nf3 0-0 7. Be2 dxc4 8. 0-0 Bg4 9. Bg5 Be7 10. Bxc4 c6 11. Re1 Nbd7 12. d5 Nxd5 13. Bxe7 Nxe7 14. Qd6 Ng6 15. Qg3 Bxf3 16. Qxf3 Nde5 17. Qe4 Qg5 18. Bf1 Rae8 19. Kh1 Qf4 20. Rad1 Qxf2 21. Re2 Qf6 22. Qb4 Nd3 23. Qxb7 Nf2+ 24. Rxf2 Qxf2 25. Qxc6 Ne5 26. Qb7 Ng4 27. Bb5 0-1